June 2011: 6 hot linux destros, 10 full free antivirus softw (Record no. 139681)

000 -LEADER
fixed length control field 00261nmm a2200097Ia 4500
008 - FIXED-LENGTH DATA ELEMENTS--GENERAL INFORMATION
fixed length control field 220120s9999||||xx |||||||||||||||||und||
020 ## - INTERNATIONAL STANDARD BOOK NUMBER
International Standard Book Number 0-07-052929
100 ## - MAIN ENTRY--PERSONAL NAME
Personal name PCQ
245 #0 - TITLE STATEMENT
Title June 2011: 6 hot linux destros, 10 full free antivirus softw
260 ## - PUBLICATION, DISTRIBUTION, ETC.
Place of publication, distribution, etc. Cybertech
Holdings
Withdrawn status Lost status Damaged status Not for loan Home library Current library Date acquired Barcode Date last seen Price effective from Koha item type
        Central Library Central Library 01/20/2022 CD1232 01/20/2022 01/20/2022 Compact Disc

Powered by Koha